| 000 | 00373nam a22001217a 4500 | ||
|---|---|---|---|
| 999 |
_c2433 _d2433 |
||
| 005 | 20200915101513.0 | ||
| 008 | 200915b ||||| |||| 00| 0 eng d | ||
| 020 | _a7230 | ||
| 040 | _cCML | ||
| 245 |
_aEvaluatio Techniques for Classroom Teachers. _cBaron, D. |
||
| 260 |
_aNew york _bMcGraw-Hill Book Company _c1958 |
||
| 942 |
_2ddc _cBK _e1st Edition _h371 _mBAR |
||